Diagnóstico y diseño de los procedimientos utilizados en los hospitales de la Caja Costarricense de Seguro Social para recabar los datos sobre los equipos y el recurso humano encargado de operarlos y darles mantenimiento.
Guardat en:
| Autor principal: | |
|---|---|
| Altres autors: | , |
| Format: | Llibre |
| Publicat: |
[San José , Costa Rica]
1986
|
| Etiquetes: |
Afegir etiqueta
Sense etiquetes, Sigues el primer a etiquetar aquest registre!
|
MARC
| LEADER | 00000nam a2200000Ia 4500 | ||
|---|---|---|---|
| 003 | 004095 | ||
| 005 | 20221231144355.0 | ||
| 008 | 140114s1986 cr a m 000 ||s d | ||
| 040 | |c cru CEDI | ||
| 090 | |a TFG 1837 | ||
| 100 | |a Alvarez Murillo, Ronald |9 11689 | ||
| 245 | |a Diagnóstico y diseño de los procedimientos utilizados en los hospitales de la Caja Costarricense de Seguro Social para recabar los datos sobre los equipos y el recurso humano encargado de operarlos y darles mantenimiento. | ||
| 260 | |c 1986 |a [San José , Costa Rica] | ||
| 300 | |a ix, 334 hojas : ilustraciones | ||
| 500 | |a Proyecto de graduación. Universidad de Costa Rica. Facultad de Ingeniería. Escuela de Ingeniería Industrial | ||
| 700 | |9 11690 |a Herrera Cairol, Marvin | ||
| 700 | |9 11741 |a Ugalde Barboza, William | ||
| 942 | |c TFG |2 ddc | ||
| 999 | |c 20911 |d 20911 | ||
